| 000 | 01145cam a2200289 4500 | ||
|---|---|---|---|
| 008 | 020517n2000 000 0 eng u | ||
| 020 | _a1861341563 | ||
| 035 | _a(Sirsi) u118003 | ||
| 041 | _aeng. | ||
| 050 | _a711.52 | ||
| 100 | _aTowers, G. | ||
| 245 | _aShelter is not enough : transforming multi-storey housing | ||
| 260 |
_aBristol _bPolicy Press _c2000 |
||
| 300 |
_axiv,259p. _c25cm. |
||
| 350 | _a19.99 | ||
| 520 | _aEstates of multi-storey housing present some of the most intractable problems for urban policy. Many attempts to deal with these problems have either failed or presented poor value for money. This text provides an evaluation of the issues, tracing the development of Britain's multi-storey housing from the mid-1950s to the early 1970s. Drawing on an analysis of past practice, a 'model of regeneration' is defined. | ||
| 650 | _aURBAN PLANNING | ||
| 650 | _aTOWN PLANNING | ||
| 650 | _aURBAN RENEWAL | ||
| 650 | _aURBAN REGENERATION | ||
| 650 | _aURBAN COMMUNITIES | ||
| 650 | _aPLANNING | ||
| 650 | _aHOUSING POLICY | ||
| 650 | _aMULTI-STOREY HOUSING | ||
| 690 | _aREGENERATION | ||
| 942 | _n0 | ||
| 999 |
_c102078 _d102078 |
||